| 000 | 00372nam a2200145Ia 4500 | ||
|---|---|---|---|
| 008 | 191201s2006 xx 000 0 und d | ||
| 082 |
_a004.16 _bMIC |
||
| 100 | _aMINASI, Mark | ||
| 245 | 4 | _aThe Complete PC Upgrade and Maintenance Guide | |
| 250 | _a16th | ||
| 260 |
_aNew Delhi _bWiley Dreautech India _c2006 |
||
| 300 | _a872 | ||
| 650 | _aB.Tech(IT) | ||
| 942 |
_2ddc _cBK |
||
| 999 |
_c3147 _d3147 |
||